Biblioteca

El pueblo de Dios según Efesios 1, 3-14 (Registro nro. 69474)

Detalles MARC
000 -LÍDER
Campo fijo de descripción fija 01232nab a2200205 i 4500
001 - NÚMERO DE CONTROL
Campo de control 768714001
003 - IDENTIFICADOR DEL NÚMERO DE CONTROL
Campo de control CO-MdFUSB
005 - FECHA Y HORA DE LA ULTIMA TRANSACCIÓN
control field 20240506110726.0
008 - ELEMENTOS DE LONGITUD FIJA -- INFORMACIÓN GENERAL
Campo fijo de descripción fija -- Información general 240502t1965 sp ||||| |||| 00| 0 spa d
040 ## - FUENTE DE CATALOGACIÓN
Idioma de catalogación spa
Agencia que realiza la transcripción CO-MdFUSB
Agencia que realiza la modificación CO-MdFUSB
041 ## - CÓDIGO DE IDIOMA
Código de idioma para texto/pista de sonido o título separado spa
100 ## - ASIENTO PRINCIPAL--NOMBRE PERSONAL
Nombre personal Mussner, Franz,
Término relacionador autor
245 #3 - TÍTULO
Título El pueblo de Dios según Efesios 1, 3-14
Mención de responsabilidad / Franz Mussner
520 ## - NOTA DE RESUMEN, ETC.
Nota de sumario, etc. El prefacio a la Epístola a los Efesios (1:3-14) contiene un "discurso conmemorativo" de la fe que, en cierto modo, es análogo a otra antigua oración de bendición judía: el "gran amor", el nombre "pueblo de Dios" no aparece explícitamente en la fórmula matutina.<br/>Sin embargo, la idea del pueblo de Dios destaca fuertemente en el fondo, como lo demuestra nuestro trabajo, que por tanto pretende desarrollar esta antigua idea bíblica, profundizar, partiendo del concepto de Dios; una idea que ha cobrado nuevo impulso a través del concilio.
650 #0 - ASIENTO SECUNDARIO DE MATERIA - TERMINO TEMÁTICO
Término temático o nombre geográfico como elemento de entrada Biblia
9 (RLIN) 16
650 #7 - ASIENTO SECUNDARIO DE MATERIA - TERMINO TEMÁTICO
Término temático o nombre geográfico como elemento de entrada Escatología
9 (RLIN) 213
773 0# - ASIENTO DE ITEM FUENTE
Biblionumber 49450
Itemnumber 82568
Otro identificador del ítem R2500
Título Revista internacional de teología Concilium
Número de control del registro (CO-MdFUSB)8
Número Internacional Normalizado para Publicaciones Seriadas (ISSN) 0210-1041
Parte(s) relacionada(s) / Volumen., número. (mes año), páginas Número 10, (diciembre, 1965), páginas: 99 - 108
Enumeración y primera página página: 99
942 ## - TIPO DE MATERIAL (KOHA)
Tipo de Item KOHA Artículos de Revista
945 ## - INFORMACIÓN LOCAL DEL REGISTRO
Catalogador Catherine Arias Álvarez practicante SENA

No hay ítems disponibles.

Biblioteca FUSBC | Teléfono: (57+4) 349 88 10 Ext. 141| WhatsApp (+57) 3005338115 
E-mail: biblioteca@unisbc.edu.co | Calle 76 87-14 Robledo Palenque, Medellín, Colombia

Con tecnología Koha